[Event "FIDE WCC Blitz Women 2019"]
[Site "Moscow"]
[Date "2019.12.30"]
[Round "12.45"]
[White "Bulatova, Kamaliya"]
[Black "Tomilova, Elena"]
[Result "1-0"]
[WhiteElo "2038"]
[BlackElo "2219"]
[Annotator "NA"]
[PlyCount "51"]
[EventDate "2019.12.29"]
[EventType "swiss"]
[EventCountry "RUS"]
[SourceTitle "playchess.com"]
[Source "ChessBase"]
[SourceQuality "1"]

1. d4 Nf6 2. Bf4 d5 3. e3 c5 4. c3 Nc6 5. Nd2 Bf5 6. Qb3 Qc8 7. Ngf3 e6 8. c4 Be7 9. dxc5 O-O 10. cxd5 Nxd5 11. Bg3 Bg4 12. Rc1 a5 13. a3 a4 14. Qc2 Bh5 15. Bd3 Bg6 16. Bxg6 hxg6 17. O-O Ra5 18. Ne4 f5 19. Nd6 Qd7 20. Ne5 Nxe5 21. Bxe5 Qc6 22. e4 Nf6 23. Qc4 Nxe4 24. Qxe6+ Kh7 25. Qxe7 Rg8 26. Qh4# 1-0

[Event "FIDE WCC Blitz Women 2019"]
[Site "Moscow"]
[Date "2019.12.30"]
[Round "12.46"]
[White "Nazarova, Anastasia"]
[Black "Belenkaya, Dina"]
[Result "0-1"]
[WhiteElo "2049"]
[BlackElo "2203"]
[Annotator "NA"]
[PlyCount "97"]
[EventDate "2019.12.29"]
[EventType "swiss"]
[EventCountry "RUS"]
[SourceTitle "playchess.com"]
[Source "ChessBase"]
[SourceQuality "1"]

1. e4 d5 2. exd5 Qxd5 3. Nc3 Qa5 4. d4 c6 5. Nf3 Bf5 6. Bc4 e6 7. Qe2 Nf6 8. O-O Be7 9. h3 O-O 10. Bb3 Nbd7 11. Bf4 h6 12. Rad1 Rfd8 13. Rfe1 Nf8 14. Ne5 Rac8 15. Bg3 Qb6 16. Nc4 Qa6 17. Qf3 b5 18. Ne5 Qb6 19. Nxf7 Rxd4 20. Rxd4 Qxd4 21. Nxh6+ gxh6 22. Qxf5 Nd5 23. Qf3 Qf6 24. Qg4+ Qg7 25. Qe4 Bf6 26. Nxd5 exd5 27. Qf3 Bxb2 28. Re3 Bd4 29. Re2 Bf6 30. Bd6 Rd8 31. Bc5 a5 32. a4 b4 33. Qh5 Nd7 34. Be3 Bg5 35. Bxg5 hxg5 36. Re8+ Rxe8 37. Qxe8+ Kh7 38. c4 Ne5 39. Bc2+ Ng6 40. cxd5 cxd5 41. Qd8 Kh6 42. Qxd5 Nf4 43. Qd6+ Kh5 44. Kh2 g4 45. g3 Nxh3 46. Qd5+ Ng5 47. Bb3 Qf6 48. Qc5 Kh6 49. Qe3 0-1

[Event "FIDE WCC Blitz Women 2019"]
[Site "Moscow"]
[Date "2019.12.30"]
[Round "12.47"]
[White "Khokhlova, Daria"]
[Black "Nilssen, Ellen Fredericia"]
[Result "1-0"]
[WhiteElo "2109"]
[BlackElo "2162"]
[Annotator "NA"]
[PlyCount "85"]
[EventDate "2019.12.29"]
[EventType "swiss"]
[EventCountry "RUS"]
[SourceTitle "playchess.com"]
[Source "ChessBase"]
[SourceQuality "1"]

1. d4 Nf6 2. c4 g6 3. Nc3 d5 4. Bg5 Ne4 5. Bf4 Nxc3 6. bxc3 Bg7 7. e3 O-O 8. Nf3 c6 9. Bd3 Qa5 10. Qd2 Nd7 11. cxd5 cxd5 12. c4 dxc4 13. Qxa5 cxd3 14. O-O b6 15. Qb5 Nf6 16. Qxd3 a5 17. Rfc1 Ba6 18. Qa3 Nd5 19. Be5 f6 20. Bg3 Kh8 21. Ne1 Nb4 22. Rc7 Rfe8 23. Rac1 Bf8 24. Qb2 Rad8 25. a3 Nd5 26. R7c2 Bh6 27. Rb1 Bg7 28. e4 e5 29. exd5 exd4 30. Qxd4 f5 31. Qxb6 Bc8 32. Nd3 f4 33. Nxf4 Bf5 34. Rcc1 Be5 35. h3 Bxb1 36. Rxb1 Rb8 37. Qxb8 Bxb8 38. Ne6 Bxg3 39. fxg3 Kg8 40. Rb7 Rc8 41. d6 Rc1+ 42. Kh2 h5 43. d7 1-0

[Event "FIDE WCC Blitz Women 2019"]
[Site "Moscow"]
[Date "2019.12.30"]
[Round "12.48"]
[White "Shumilina, Alexandra"]
[Black "Mikhaylova, Irina"]
[Result "1-0"]
[WhiteElo "2139"]
[BlackElo "2090"]
[Annotator "NA"]
[PlyCount "91"]
[EventDate "2019.12.29"]
[EventType "swiss"]
[EventCountry "RUS"]
[SourceTitle "playchess.com"]
[Source "ChessBase"]
[SourceQuality "1"]

1. e4 c5 2. c3 d5 3. exd5 Qxd5 4. d4 Nf6 5. Nf3 Bg4 6. dxc5 Qxc5 7. h3 Bd7 8. Be3 Qc7 9. Na3 e5 10. Nb5 Bxb5 11. Bxb5+ Nc6 12. O-O Be7 13. Qa4 O-O 14. Bxc6 bxc6 15. Rad1 Nd5 16. Bc1 Nb6 17. Qa5 f6 18. Be3 Rad8 19. b3 c5 20. c4 Na8 21. Qa6 Qb6 22. Qa4 Qb7 23. Nd2 Nc7 24. Nb1 Ne6 25. Nc3 Nd4 26. Nd5 Rfe8 27. Kh1 Bf8 28. Rfe1 Qf7 29. Qa5 Rd7 30. Qc3 Red8 31. f4 Bd6 32. Rf1 Qg6 33. fxe5 Bxe5 34. Bf4 Re8 35. Bxe5 Rxe5 36. Rde1 Re4 37. Rxe4 Qxe4 38. Re1 Qg6 39. Ne7+ Rxe7 40. Rxe7 h5 41. Re1 h4 42. Qe3 Qf5 43. Qe4 Qf2 44. Qe8+ Kh7 45. Qh5+ Kg8 46. Re8# 1-0

[Event "FIDE WCC Blitz Women 2019"]
[Site "Moscow"]
[Date "2019.12.30"]
[Round "12.49"]
[White "Yakimova, Mariya"]
[Black "Antova, Gabriela"]
[Result "1/2-1/2"]
[WhiteElo "2128"]
[BlackElo "1965"]
[Annotator "NA"]
[PlyCount "102"]
[EventDate "2019.12.29"]
[EventType "swiss"]
[EventCountry "RUS"]
[SourceTitle "playchess.com"]
[Source "ChessBase"]
[SourceQuality "1"]

1. d4 d5 2. c4 dxc4 3. Nf3 Nf6 4. Qa4+ c6 5. Qxc4 e6 6. g3 b5 7. Qd3 Bb7 8. Bg2 a6 9. Ne5 Nd5 10. O-O Nd7 11. a3 Nxe5 12. dxe5 Be7 13. Nc3 O-O 14. Rd1 Qc7 15. e4 Nxc3 16. Qxc3 c5 17. Be3 Rfd8 18. Rac1 c4 19. h4 h6 20. Bf3 Rac8 21. Bf4 a5 22. Qc2 b4 23. axb4 axb4 24. Rxd8+ Bxd8 25. Be2 b3 26. Qb1 Ba6 27. Rc3 Be7 28. Rc1 Bb4 29. h5 Qb8 30. Bf3 c3 31. bxc3 Bxc3 32. Rd1 b2 33. Kg2 Bb5 34. g4 Ba4 35. Rf1 Bd4 36. Qa2 Bc2 37. g5 hxg5 38. Bxg5 b1=Q 39. Rxb1 Qxb1 40. Qa6 Rf8 41. h6 Bxe4 42. hxg7 Kxg7 43. Bf6+ Kg6 44. Qe2 Bxf3+ 45. Qxf3 Qf5 46. Qg3+ Kh5 47. Qh2+ Kg6 48. Qg3+ Kh5 49. Qh4+ Kg6 50. Qg3+ Kh5 51. Qh4+ Kg6 1/2-1/2

[Event "FIDE WCC Blitz Women 2019"]
[Site "Moscow"]
[Date "2019.12.30"]
[Round "12.50"]
[White "Gvanceladze, Anna"]
[Black "Druzhinina, Olga"]
[Result "1-0"]
[WhiteElo "2066"]
[BlackElo "2245"]
[Annotator "NA"]
[PlyCount "97"]
[EventDate "2019.12.29"]
[EventType "swiss"]
[EventCountry "RUS"]
[SourceTitle "playchess.com"]
[Source "ChessBase"]
[SourceQuality "1"]

1. Nf3 Nf6 2. c4 g6 3. g3 c6 4. Bg2 Bg7 5. O-O O-O 6. Nc3 d5 7. cxd5 cxd5 8. d4 Ne4 9. Ne5 Nxc3 10. bxc3 Nc6 11. Nxc6 bxc6 12. Bf4 Bf5 13. Qd2 Qa5 14. Rfe1 Rfe8 15. h4 h5 16. e4 dxe4 17. Bxe4 Bxe4 18. Rxe4 c5 19. Be5 cxd4 20. Bxd4 e5 21. Be3 Rad8 22. Qc2 Qd5 23. Bxa7 f5 24. Rb4 Rd7 25. Be3 Rc8 26. Rc1 e4 27. Qb3 Qxb3 28. Rxb3 Rdc7 29. Bd2 Ra8 30. Rc2 Rca7 31. Rbb2 Ra3 32. Kf1 R8a7 33. Ke2 Be5 34. Rb5 Bg7 35. Rbb2 Kf7 36. Kd1 Rc7 37. Rb3 Ra4 38. Kc1 Rac4 39. Kb2 Be5 40. Bf4 Bxf4 41. gxf4 Rd7 42. Rb4 Rc6 43. a4 Rd3 44. a5 Ra6 45. Rb5 Rh3 46. Kb3 Rxh4 47. Ra2 Rh1 48. Rb6 Rb1+ 49. Rb2 1-0

[Event "FIDE WCC Blitz Women 2019"]
[Site "Moscow"]
[Date "2019.12.30"]
[Round "12.51"]
[White "Paramzina, Anastasya"]
[Black "Semenova, Elena"]
[Result "0-1"]
[WhiteElo "2203"]
[BlackElo "2114"]
[Annotator "NA"]
[PlyCount "81"]
[EventDate "2019.12.29"]
[EventType "swiss"]
[EventCountry "RUS"]
[SourceTitle "playchess.com"]
[Source "ChessBase"]
[SourceQuality "1"]

1. e4 e5 2. Nf3 Nf6 3. d4 Nxe4 4. Nxe5 d6 5. Nf3 d5 6. Bd3 Bd6 7. Nc3 Nxc3 8. bxc3 O-O 9. O-O Bg4 10. h3 Bh5 11. c4 dxc4 12. Bxc4 c5 13. dxc5 Bxc5 14. Bg5 Qxd1 15. Raxd1 Nc6 16. Rd7 Bxf3 17. gxf3 Ne5 18. Rd5 Nxf3+ 19. Kg2 Nxg5 20. Rxc5 Ne6 21. Bxe6 fxe6 22. Rc7 Rf7 23. Rc5 Rd8 24. Re5 Rf6 25. Rfe1 Rd2 26. R1e2 Rxe2 27. Rxe2 Kf7 28. c4 Rf4 29. Rc2 Ke7 30. Kg3 Rd4 31. f4 Kd6 32. Kg4 b6 33. Kg5 Rd3 34. h4 Rg3+ 35. Kh5 Rf3 36. Rg2 g6+ 37. Kg5 Kc5 38. Re2 Rg3+ 39. Kf6 Rg4 40. Kxe6 Rxf4 41. Rh2 0-1

[Event "FIDE WCC Blitz Women 2019"]
[Site "Moscow"]
[Date "2019.12.30"]
[Round "12.52"]
[White "Karavaeva, Olga"]
[Black "Song, Yuxin"]
[Result "0-1"]
[WhiteElo "2174"]
[BlackElo "2128"]
[Annotator "NA"]
[PlyCount "134"]
[EventDate "2019.12.29"]
[EventType "swiss"]
[EventCountry "RUS"]
[SourceTitle "playchess.com"]
[Source "ChessBase"]
[SourceQuality "1"]

1. c4 e6 2. g3 d5 3. Bg2 Nf6 4. Nf3 dxc4 5. Qa4+ Bd7 6. Qxc4 c5 7. d3 Bc6 8. O-O Nbd7 9. Qc2 Be7 10. b3 O-O 11. Bb2 Rc8 12. Nbd2 b5 13. Rac1 Qb6 14. h3 Rfd8 15. Rfd1 Bb7 16. Qb1 a6 17. Qa1 Nf8 18. Nf1 Ng6 19. Ne3 Ne8 20. Ng4 f6 21. Ne3 e5 22. Nf5 Bf8 23. a4 Nd6 24. Ne3 Be7 25. h4 Nf8 26. Rc2 e4 27. dxe4 Nxe4 28. Rdc1 Ne6 29. a5 Qd6 30. Nf5 Qc7 31. Nxe7+ Qxe7 32. Ba3 Bd5 33. Rb1 b4 34. Bc1 Nc3 35. Rbb2 Bxf3 36. Bxf3 Nd4 37. Be3 Nxc2 38. Rxc2 Rd1+ 39. Qxd1 Nxd1 40. Bd5+ Kh8 41. Bf4 Nc3 42. Bc4 Qe4 43. Rd2 Qb1+ 44. Kg2 Ne4 45. Rd7 Qb2 46. h5 Rf8 47. h6 g6 48. Be3 Qe5 49. Bf4 Qh5 50. Rc7 g5 51. Be3 Qxh6 52. Bxc5 Nxc5 53. Rxc5 g4 54. Rc6 Qh3+ 55. Kg1 Rd8 56. Bd3 Kg7 57. Rxa6 Rc8 58. Ra7+ Kg8 59. Bc4+ Kh8 60. Rb7 Rd8 61. Bd3 Rc8 62. Bc4 Qh5 63. a6 Qa5 64. Rf7 Rxc4 65. bxc4 Qxa6 66. c5 Qc6 67. Rf8+ Kg7 0-1

[Event "FIDE WCC Blitz Women 2019"]
[Site "Moscow"]
[Date "2019.12.30"]
[Round "12.53"]
[White "Barchuk, Irina"]
[Black "Ovod, Evgenija"]
[Result "1-0"]
[WhiteElo "2047"]
[BlackElo "2163"]
[Annotator "NA"]
[PlyCount "82"]
[EventDate "2019.12.29"]
[EventType "swiss"]
[EventCountry "RUS"]
[SourceTitle "playchess.com"]
[Source "ChessBase"]
[SourceQuality "1"]

1. e4 e5 2. Nf3 Nc6 3. d4 exd4 4. Bc4 Bc5 5. O-O d6 6. c3 d3 7. Qb3 Qe7 8. Bg5 Nf6 9. Re1 O-O 10. Bxd3 h6 11. Bh4 Ne5 12. Nxe5 dxe5 13. Bc4 c6 14. Nd2 g5 15. Bg3 Bg4 16. Be2 Rad8 17. Nc4 Be6 18. Qc2 Bxc4 19. Bxc4 Nh5 20. b4 Bb6 21. a4 a5 22. b5 Nxg3 23. hxg3 Qc5 24. Bf1 cxb5 25. Bxb5 Rc8 26. Rac1 Rfd8 27. Re2 Rd6 28. Rd2 Rcd8 29. Rcd1 Kg7 30. Rxd6 Rxd6 31. Rxd6 Qxd6 32. Qe2 Qc5 33. c4 Qd4 34. Qf3 Bc5 35. Be8 f6 36. Qf5 Kf8 37. Qe6 Qxf2+ 38. Kh2 Qg1+ 39. Kh3 Qh1+ 40. Kg4 Qd1+ 41. Kf5 Qd5 1-0

[Event "FIDE WCC Blitz Women 2019"]
[Site "Moscow"]
[Date "2019.12.30"]
[Round "12.54"]
[White "Bogumil, Tatiana"]
[Black "Manakova, Maria"]
[Result "0-1"]
[WhiteElo "1996"]
[BlackElo "2149"]
[Annotator "NA"]
[PlyCount "92"]
[EventDate "2019.12.29"]
[EventType "swiss"]
[EventCountry "RUS"]
[SourceTitle "playchess.com"]
[Source "ChessBase"]
[SourceQuality "1"]

1. Nf3 e6 2. c4 f5 3. b3 Nf6 4. Bb2 Be7 5. g3 b6 6. Bg2 Bb7 7. O-O O-O 8. d4 Ne4 9. Nc3 d5 10. Nd2 Nd7 11. f3 Nxc3 12. Bxc3 f4 13. gxf4 Rxf4 14. e3 Rh4 15. f4 Nf6 16. Rf3 dxc4 17. Rh3 Nd5 18. Ne4 Rxh3 19. Bxh3 Nxe3 20. Bxe6+ Kf8 21. Qh5 Qe8 22. Qxh7 Bf6 23. Qg8+ Ke7 24. Qxe8+ Rxe8 25. Nxf6 gxf6 26. Bxc4 Nxc4 27. bxc4 Rg8+ 28. Kf2 Rg2+ 29. Ke3 Rxh2 30. d5 b5 31. Bb4+ Kd7 32. Rg1 Rh7 33. Kd4 bxc4 34. Kxc4 Ba6+ 35. Kd4 Rh4 36. Rg7+ Kc8 37. Ke3 Bc4 38. Rg8+ Kb7 39. d6 Bxg8 40. d7 Rh3+ 41. Ke4 Bh7+ 42. Kd5 Rd3+ 43. Ke6 Bf5+ 44. Kxf6 Bxd7 45. a3 Rf3 46. Ke5 Kc6 0-1

[Event "FIDE WCC Blitz Women 2019"]
[Site "Moscow"]
[Date "2019.12.30"]
[Round "12.55"]
[White "Muetsch, Annmarie"]
[Black "Ovezdurdiyeva, Jemal"]
[Result "0-1"]
[WhiteElo "2202"]
[BlackElo "1877"]
[Annotator "NA"]
[PlyCount "96"]
[EventDate "2019.12.29"]
[EventType "swiss"]
[EventCountry "RUS"]
[SourceTitle "playchess.com"]
[Source "ChessBase"]
[SourceQuality "1"]

1. e4 c5 2. Nf3 d6 3. Bb5+ Nd7 4. O-O a6 5. Bd3 Ngf6 6. Re1 e5 7. c3 g6 8. Bc2 Bg7 9. d4 O-O 10. dxe5 dxe5 11. h3 Qc7 12. Bg5 h6 13. Bh4 g5 14. Bg3 Nh5 15. Bh2 Nf4 16. Nbd2 c4 17. Nf1 Nc5 18. Ne3 Be6 19. Bxf4 exf4 20. Nd5 Qd8 21. Qe2 Bxd5 22. exd5 Qxd5 23. Rad1 Qe6 24. Qf1 Qb6 25. Qxc4 Qxb2 26. Bb1 Rac8 27. Qd5 Qxc3 28. Qf5 Rfe8 29. Qh7+ Kf8 30. Bf5 Rcd8 31. h4 Rxd1 32. Rxd1 Qf6 33. hxg5 hxg5 34. Qh3 Ne4 35. Bxe4 Rxe4 36. Qc8+ Re8 37. Qxb7 g4 38. Nd4 Rd8 39. Qb1 Kg8 40. Nb3 Rd6 41. Qc2 Qd8 42. Rc1 g3 43. fxg3 fxg3 44. Qe2 Qb6+ 45. Nc5 Bd4+ 46. Kf1 Rf6+ 47. Ke1 Bxc5 48. Qe8+ Kg7 0-1

[Event "FIDE WCC Blitz Women 2019"]
[Site "Moscow"]
[Date "2019.12.30"]
[Round "12.56"]
[White "Geller, Anastasiya"]
[Black "Afonasieva, Anna"]
[Result "1/2-1/2"]
[WhiteElo "2073"]
[BlackElo "2099"]
[Annotator "NA"]
[PlyCount "240"]
[EventDate "2019.12.29"]
[EventType "swiss"]
[EventCountry "RUS"]
[SourceTitle "playchess.com"]
[Source "ChessBase"]
[SourceQuality "1"]

1. e4 c5 2. Nf3 d6 3. d4 cxd4 4. Nxd4 Nf6 5. Nc3 a6 6. Be2 e5 7. Nb3 Be7 8. O-O O-O 9. Be3 Be6 10. Bf3 Nbd7 11. Re1 Qc7 12. Nd2 b5 13. Nf1 Rac8 14. a3 Nb6 15. Ng3 Nc4 16. Bc1 Rfd8 17. Nd5 Bxd5 18. exd5 Nb6 19. c3 Bf8 20. Bg5 Nbd7 21. a4 Qb7 22. axb5 Qxb5 23. Qd2 h6 24. Be3 Rb8 25. Reb1 a5 26. b3 Nc5 27. b4 axb4 28. Rxb4 Qd3 29. Qxd3 Nxd3 30. Rxb8 Rxb8 31. h3 Be7 32. Nf5 Bf8 33. c4 e4 34. Be2 Ne5 35. Bf4 Nfd7 36. Nd4 Rb2 37. Bf1 Nd3 38. Bg3 Be7 39. Nc6 Bf6 40. Ra8+ Kh7 41. Bxd6 Nxf2 42. Ra7 Nb6 43. Rxf7 Nd3 44. Rb7 Nxc4 45. Rxb2 Bxb2 46. Be7 Kg8 47. d6 Nb6 48. Na5 Bd4+ 49. Kh2 Kf7 50. Nb3 Be5+ 51. Kg1 Ke6 52. Nd2 Bxd6 53. Bxd6 Kxd6 54. Nxe4+ Ke5 55. Bxd3 Kd4 56. Bb1 Nd5 57. Kf2 Nf4 58. Ng3 Ke5 59. Bc2 Nd5 60. Ne2 Nb4 61. Bb1 Nd5 62. g3 Ne7 63. Nf4 Nc6 64. Ng6+ Kf6 65. Nf4 Ne5 66. Nd5+ Ke6 67. Ne3 Kf6 68. Be4 Nd7 69. Ng4+ Ke7 70. Ke3 Nc5 71. Ne5 Ne6 72. Ng6+ Kf6 73. Nf4 Ng5 74. h4 Nf7 75. Nh5+ Ke5 76. Nxg7 Nd6 77. Bb1 Nc4+ 78. Kf2 Nd6 79. Nh5 Ne4+ 80. Ke3 Nc3 81. Bd3 Nd5+ 82. Kf3 Nb4 83. Be4 Na2 84. Nf4 Nc3 85. Bc2 Nb5 86. Nd3+ Kf6 87. Ne1 Nd4+ 88. Ke4 Nf5 89. Kf4 Nd4 90. Bd3 Ne6+ 91. Kf3 Nd4+ 92. Ke3 Ne6 93. Nf3 Nc5 94. Kd4 Ne6+ 95. Ke4 Nc5+ 96. Ke3 Ne6 97. g4 Nc5 98. Nd4 Nd7 99. Kf4 Ne5 100. Bf5 Nc4 101. h5 Nb6 102. Ne2 Nd5+ 103. Ke4 Ne7 104. Ng3 Kg5 105. Kf3 Kf6 106. Kf4 Nd5+ 107. Ke4 Nc3+ 108. Kd4 Nb5+ 109. Kc5 Nc3 110. Kc4 Nd1 111. Ne4+ Ke5 112. Nc5 Ne3+ 113. Kd3 Nxf5 114. gxf5 Kxf5 115. Ne4 Kg4 116. Nf6+ Kg5 117. Ne4+ Kxh5 118. Ke2 Kg4 119. Kf1 h5 120. Nf2+ Kg3 1/2-1/2

[Event "FIDE WCC Blitz Women 2019"]
[Site "Moscow"]
[Date "2019.12.30"]
[Round "12.57"]
[White "Novikova, Anna"]
[Black "Lelekova, Olga"]
[Result "0-1"]
[WhiteElo "2045"]
[BlackElo "2176"]
[Annotator "NA"]
[PlyCount "114"]
[EventDate "2019.12.29"]
[EventType "swiss"]
[EventCountry "RUS"]
[SourceTitle "playchess.com"]
[Source "ChessBase"]
[SourceQuality "1"]

1. e4 c5 2. c3 d5 3. exd5 Qxd5 4. d4 Nc6 5. Nf3 Nf6 6. Be3 cxd4 7. cxd4 e6 8. Nc3 Bb4 9. Bd3 O-O 10. O-O Qa5 11. Qb3 Rd8 12. Rac1 a6 13. a3 Be7 14. Rfd1 Qh5 15. Qa2 Ng4 16. b4 Bd6 17. Ne4 Bxh2+ 18. Kf1 Bb8 19. Ke2 Nxe3 20. fxe3 Qg4 21. Nf2 Qg3 22. Rh1 e5 23. Bxh7+ Kf8 24. d5 Ne7 25. Be4 g6 26. Rh8+ Ng8 27. Rch1 Bg4 28. Qb2 Qxg2 29. R1h2 Bxf3+ 30. Bxf3 Qg5 31. Qc2 Bd6 32. Rg2 Qf6 33. Rhh2 Rac8 34. Qd2 Qe7 35. Rh8 a5 36. Rgh2 axb4 37. axb4 Bxb4 38. Qa2 Ra8 39. Qb2 Ra6 40. Ne4 Rda8 41. Qb3 Ra2+ 42. Kd3 R8a3 43. Kc4 Rxb3 44. Kxb3 Ra3+ 45. Kb2 Ra2+ 46. Kb3 Rxh2 47. Rxh2 Bd6 48. Kc4 f5 49. Nd2 e4 50. Be2 Qc7+ 51. Kb3 Be5 52. Nc4 Bf6 53. Rh1 b5 54. d6 Qf7 55. Ra1 bxc4+ 56. Bxc4 Qb7+ 57. Kc2 Bxa1 0-1

[Event "FIDE WCC Blitz Women 2019"]
[Site "Moscow"]
[Date "2019.12.30"]
[Round "12.58"]
[White "Agrest, Inna"]
[Black "Munkhzul, Davaakhuu"]
[Result "1-0"]
[WhiteElo "2180"]
[BlackElo "1973"]
[Annotator "NA"]
[PlyCount "125"]
[EventDate "2019.12.29"]
[EventType "swiss"]
[EventCountry "RUS"]
[SourceTitle "playchess.com"]
[Source "ChessBase"]
[SourceQuality "1"]

1. e4 e5 2. Nf3 Nc6 3. Bb5 a6 4. Ba4 Nf6 5. O-O Be7 6. Re1 b5 7. Bb3 d6 8. c3 O-O 9. h3 Nb8 10. d4 Nbd7 11. Nbd2 Bb7 12. Bc2 Re8 13. Nf1 Bf8 14. Ng3 g6 15. b3 c5 16. d5 Bg7 17. Rb1 Nb6 18. Nh2 Bc8 19. Ng4 Nxg4 20. hxg4 Qh4 21. g5 c4 22. Be3 cxb3 23. axb3 Rb8 24. Ra1 h6 25. Qd2 hxg5 26. Bxg5 Qh7 27. f3 f6 28. Be3 g5 29. Kf2 g4 30. Rh1 Qg6 31. Bh6 Re7 32. Rag1 Nd7 33. Bxg7 Rxg7 34. Rh6 Qg5 35. Qxg5 Rxg5 36. Rgh1 Nf8 37. Rxf6 gxf3 38. gxf3 Rg6 39. Rxg6+ Nxg6 40. Nh5 Kf7 41. Ng3 Nf4 42. Rh7+ Kg6 43. Ra7 Rb7 44. Rxa6 Rh7 45. Rxd6+ Kg5 46. Nf1 Nh3+ 47. Ke3 Nf4 48. Rd8 Bh3 49. Ng3 Bg2 50. Rg8+ Kf6 51. Nf5 Rh3 52. Bd1 Nxd5+ 53. exd5 Kxf5 54. Rxg2 Rh1 55. Be2 Rc1 56. Kd2 Ra1 57. Ke3 Ra5 58. Rh2 Ra3 59. Rh5+ Kf6 60. Rh6+ Kf5 61. d6 Rxb3 62. d7 Rxc3+ 63. Kd2 1-0

[Event "FIDE WCC Blitz Women 2019"]
[Site "Moscow"]
[Date "2019.12.30"]
[Round "12.59"]
[White "Sgircea, Silvia-Raluca"]
[Black "Antonova, Nadezhda"]
[Result "0-1"]
[WhiteElo "2154"]
[BlackElo "1914"]
[Annotator "NA"]
[PlyCount "96"]
[EventDate "2019.12.29"]
[EventType "swiss"]
[EventCountry "RUS"]
[SourceTitle "playchess.com"]
[Source "ChessBase"]
[SourceQuality "1"]

1. Nf3 Nf6 2. c4 g6 3. g3 Bg7 4. Bg2 O-O 5. d4 d6 6. O-O Nc6 7. Nc3 a6 8. d5 Na5 9. Nd2 c5 10. Qc2 Rb8 11. a4 e6 12. e4 exd5 13. cxd5 b5 14. axb5 axb5 15. Re1 Ng4 16. h3 Ne5 17. f4 Nec4 18. Nf3 b4 19. Na4 Bd7 20. e5 Bf5 21. Qe2 dxe5 22. Nxe5 Nxe5 23. fxe5 Nb3 24. Ra2 Nd4 25. Qc4 b3 26. Ra3 Nc2 27. Re2 Nxa3 28. bxa3 Re8 29. Bb2 Qg5 30. Kh2 h5 31. Nxc5 h4 32. g4 Rbc8 33. gxf5 Qxf5 34. Qd4 Bh6 35. Nd3 Rc2 36. Rf2 Rxf2 37. Nxf2 Bf4+ 38. Kg1 Bg3 39. Qd2 Bxe5 40. Bxe5 Rxe5 41. d6 Rd5 42. Qb4 Qb1+ 43. Bf1 Rg5+ 44. Ng4 Rf5 45. Qc4 b2 46. d7 Rxf1+ 47. Qxf1 Qxf1+ 48. Kxf1 b1=Q+ 0-1

[Event "FIDE WCC Blitz Women 2019"]
[Site "Moscow"]
[Date "2019.12.30"]
[Round "12.60"]
[White "Nur-Mukhametova, Alisa"]
[Black "Fatianova, Tatiana"]
[Result "1-0"]
[WhiteElo "1832"]
[BlackElo "2029"]
[Annotator "NA"]
[PlyCount "127"]
[EventDate "2019.12.29"]
[EventType "swiss"]
[EventCountry "RUS"]
[SourceTitle "playchess.com"]
[Source "ChessBase"]
[SourceQuality "1"]

1. e4 Nc6 2. d4 d5 3. e5 Bf5 4. Nf3 f6 5. exf6 gxf6 6. Bd3 Qd7 7. c3 O-O-O 8. O-O Bg4 9. Be2 e5 10. Re1 Bd6 11. dxe5 fxe5 12. Nh4 Bxe2 13. Qxe2 Nf6 14. Bg5 Rdf8 15. Bxf6 Rxf6 16. Nf3 Rg8 17. g3 Bc5 18. b4 Rxf3 19. Qxf3 Rf8 20. Qd1 Bxf2+ 21. Kg2 Bxe1 22. Qxe1 Qf5 23. Qe2 e4 24. Nd2 Qe5 25. Rc1 e3 26. Nf3 Qe4 27. b5 Ne5 28. Rf1 Ng4 29. h3 Nf2 30. Re1 Qe6 31. g4 Qe4 32. Qxe3 Qxe3 33. Rxe3 Nd1 34. Rd3 Nb2 35. Rxd5 Nc4 36. Rd3 c6 37. bxc6 bxc6 38. Kg3 Kc7 39. Rd4 Nd6 40. Ra4 Kb6 41. Rb4+ Kc5 42. Ne5 a5 43. Rd4 Re8 44. Nd3+ Kb5 45. a4+ Kb6 46. Rxd6 Re3+ 47. Kf4 Rxh3 48. c4 Kc7 49. c5 Rh1 50. Kg5 Ra1 51. Rd4 Rh1 52. Ne5 Rc1 53. Rd7+ Kc8 54. Rd6 Kb7 55. Rxc6 Re1 56. Rb6+ Kc7 57. Kf4 Rf1+ 58. Nf3 Rc1 59. Rh6 Rxc5 60. Rxh7+ Kc6 61. Rh6+ Kd5 62. Rh5+ Kc4 63. Rxc5+ Kxc5 64. g5 1-0

[Event "FIDE WCC Blitz Women 2019"]
[Site "Moscow"]
[Date "2019.12.30"]
[Round "13.1"]
[White "Galliamova, Alisa"]
[Black "Lagno, Kateryna"]
[Result "1-0"]
[WhiteElo "2415"]
[BlackElo "2606"]
[Annotator "ChessBase"]
[PlyCount "99"]
[EventDate "2019.12.29"]
[EventType "swiss"]
[EventCountry "RUS"]
[SourceTitle "playchess.com"]
[Source "ChessBase"]
[SourceQuality "1"]

1. d4 Nf6 2. g3 g6 3. Bg2 d5 4. Nf3 Bg7 5. O-O O-O 6. b3 c5 7. e3 b6 8. Bb2 Bb7 9. Nbd2 Nc6 10. c4 dxc4 11. Nxc4 cxd4 12. Nxd4 Rc8 13. Rc1 Na5 14. Nxa5 Bxg2 15. Nac6 Bxc6 16. Nxc6 Qe8 17. Qf3 Rc7 18. Ba3 Kh8 19. Rfd1 Qa8 20. Kg2 Rfc8 21. Nxe7 Qxf3+ 22. Kxf3 Rxc1 23. Rxc1 Rxc1 24. Bxc1 Nd7 25. Nc6 a6 26. e4 Kg8 27. Ne7+ Kf8 28. Nd5 Ke8 29. Ke2 Kd8 30. f4 Nc5 31. e5 b5 32. Be3 Ne6 33. Kd3 h5 34. Ke4 Bf8 35. f5 gxf5+ 36. Kxf5 Kd7 37. Nf6+ Kc6 38. Nxh5 a5 39. Nf4 Nc5 40. Bxc5 Kxc5 41. e6 Kb4 42. exf7 Ka3 43. Ne6 Bd6 44. Nd4 Bf8 45. Nxb5+ Kxa2 46. Nd4 Kb2 47. g4 Kc3 48. Ke4 Kb4 49. g5 Kc5 50. Ne6+ 1-0

[Event "FIDE WCC Blitz Women 2019"]
[Site "Moscow"]
[Date "2019.12.30"]
[Round "13.2"]
[White "Muzychuk, Anna"]
[Black "Koneru, Humpy"]
[Result "1/2-1/2"]
[WhiteElo "2504"]
[BlackElo "2489"]
[Annotator "ChessBase"]
[PlyCount "41"]
[EventDate "2019.12.29"]
[EventType "swiss"]
[EventCountry "RUS"]
[SourceTitle "playchess.com"]
[Source "ChessBase"]
[SourceQuality "1"]

1. e4 e5 2. Nf3 Nf6 3. Nxe5 d6 4. Nf3 Nxe4 5. Qe2 Qe7 6. d3 Nf6 7. Bg5 Qxe2+ 8. Bxe2 Be7 9. Nc3 h6 10. Bd2 Nc6 11. O-O-O Be6 12. Nb5 O-O-O 13. Nbd4 Bd7 14. Rde1 Rhe8 15. h3 Nxd4 16. Nxd4 c5 17. Nf3 Bc6 18. Bd1 Bf8 19. g4 Nd5 20. a3 Nc7 21. Rxe8 1/2-1/2

[Event "FIDE WCC Blitz Women 2019"]
[Site "Moscow"]
[Date "2019.12.30"]
[Round "13.4"]
[White "Paehtz, Elisabeth"]
[Black "Harika, Dronavalli"]
[Result "1/2-1/2"]
[WhiteElo "2380"]
[BlackElo "2445"]
[Annotator "NA"]
[PlyCount "70"]
[EventDate "2019.12.29"]
[EventType "swiss"]
[EventCountry "RUS"]
[SourceTitle "playchess.com"]
[Source "ChessBase"]
[SourceQuality "1"]

1. d4 g6 2. Nf3 Bg7 3. c3 d6 4. Bg5 h6 5. Bh4 Nf6 6. Nbd2 Nbd7 7. e4 e5 8. dxe5 dxe5 9. Bc4 O-O 10. O-O c6 11. Qc2 Qc7 12. b4 Re8 13. Rfe1 Nf8 14. Bf1 Bg4 15. Bg3 Nh5 16. Nh4 Rad8 17. Nc4 Nxg3 18. hxg3 Be6 19. Ne3 Rd7 20. Rad1 Red8 21. Rxd7 Rxd7 22. Nf3 Nh7 23. Bc4 Bxc4 24. Nxc4 Nf8 25. Rd1 b6 26. Rxd7 Nxd7 27. Qd3 Bf8 28. a4 Be7 29. a5 Kg7 30. Nfd2 Nf8 31. axb6 axb6 32. Qe3 Nd7 33. Qd3 Nf8 34. Qe3 Nd7 35. Qd3 Nf8 1/2-1/2

[Event "FIDE WCC Blitz Women 2019"]
[Site "Moscow"]
[Date "2019.12.30"]
[Round "13.5"]
[White "Abdumalik, Zhansaya"]
[Black "Bodnaruk, Anastasia"]
[Result "1/2-1/2"]
[WhiteElo "2415"]
[BlackElo "2375"]
[Annotator "NA"]
[PlyCount "99"]
[EventDate "2019.12.29"]
[EventType "swiss"]
[EventCountry "RUS"]
[SourceTitle "playchess.com"]
[Source "ChessBase"]
[SourceQuality "1"]

1. e4 c5 2. Nf3 d6 3. d4 cxd4 4. Nxd4 Nf6 5. Nc3 a6 6. h3 e6 7. g4 b5 8. Bg2 Bb7 9. a3 Be7 10. O-O Nfd7 11. f4 O-O 12. g5 Nc6 13. Be3 Nxd4 14. Qxd4 e5 15. Qd2 exf4 16. Bxf4 Ne5 17. Nd5 Bxd5 18. exd5 Nc4 19. Qc1 f6 20. h4 fxg5 21. hxg5 Rxf4 22. Qxf4 Bxg5 23. Qf7+ Kh8 24. Rf3 Ne5 25. Qf5 Nxf3+ 26. Qxf3 Bf6 27. c3 Qe7 28. a4 bxa4 29. Rxa4 a5 30. Re4 Qb7 31. Qe2 Be5 32. Rh4 Qf7 33. Be4 h6 34. Rh3 Rf8 35. Rf3 Qe7 36. Rxf8+ Qxf8 37. Qg4 Qe8 38. Qf5 Kg8 39. Qh7+ Kf8 40. Bg6 Qb5 41. Qh8+ Ke7 42. Qa8 Kf6 43. Be4 Qxb2 44. Qd8+ Kf7 45. Qd7+ Kf8 46. Qd8+ Kf7 47. Qd7+ Kf8 48. Qd8+ Kf7 49. Qd7+ Kf8 50. Qd8+ 1/2-1/2